Statistics for "Happy Wheels" Characters

Click here to take the quiz!

General Stats

  • This quiz has been taken 152 times
  • The average score is 5 of 10

Answer Stats

Character name % Correct
Irresponsible Mom
80%
Irresponsible Dad
74%
Segway Guy
73%
Wheelchair Guy
64%
Santa Claus
55%
Pogostick Man
53%
Lawnmower Man
50%
Explorer Guy
36%
Moped Couple
34%
Effective Shopper
27%

Score Distribution

Percentile by Number Answered

Percent of People with Each Score

Your Score History

You have not taken this quiz